2010s Sitcoms by Picture - Statistics

General Stats
  • This quiz has been taken 394 times
  • The average score is 10 of 24
Answer Stats
Picture Answer % Correct
Brooklyn Nine-Nine
89%
Young Sheldon
89%
New Girl
72%
The Good Place
71%
2 Broke Girls
70%
Superstore
68%
Black-ish
57%
Schitt's Creek
55%
Fleabag
51%
Fresh Off the Boat
48%
Veep
46%
Fuller House
43%
The Goldbergs
43%
Mike & Molly
36%
The Mindy Project
32%
Mom
31%
Unbreakable Kimmy Schmidt
30%
Girls
29%
Last Man Standing
21%
Workaholics
16%
Broad City
14%
Insecure
14%
Louie
13%
Better Things
3%
No matching quizzes found
Score Distribution
Percent of People with Each Score
Percentile by Number Answered
Your Score History
You have not taken this quiz